01329nam a22001337a 4500999001500000008004100015245002200056300002200078653053200100942001600632952019500648952017800843952017401021 c2915d2915190410| ||| | ||||||0| ||spa d aHueso Astrágalo eHueso Astrágalo aHueso del pie.aForma parte de la fila posterior del tarso.aTalusaHueso corto, aplanado de superior a inferior y alargado de anterior a posterior.aForma el vértice de la bóveda tarsiana.aCuerpo del Astrágalo:segmento posterior voluminoso que comprende tres cuartos posteriores del hueso.aCabeza del Astrágalo: segmento anterior redondeado.aCuello del Astrágalo:segmento intermedio corto.aArticula hacia arriba con los huesos de la pierna, inferiormente con el Calcáneo y anteriormente con el hueso Navicular. cHUESOS2ddc 00102ddc4070aBFMbBFMcCRd2019-04-16eDonación Grecia Santillán, Abril 2019.l53pHA11r2026-02-09s2026-02-09tEj. 1w2019-04-16yHUESOSzDonación Grecia Santillán, Abril 2019. 00102ddc4070aBFMbBFMcCRd2022-04-28eDonación Yael Vera, Abril 2022l21pHA127r2025-02-18s2025-02-18tEj. 2w2022-04-28yHUESOSzDonación Yael Vera, Abril 2022f 00102ddc4070aBFMbBFMd2022-04-28eDonación Yael Vera, Abril 2022l23pHA128r2025-02-20s2025-02-20tEj. 3w2022-04-28yHUESOSzDonación Yael Vera, Abril 2022f